| 000 | 01302nam a2200253 a 4500 | ||
|---|---|---|---|
| 003 | BD-DhJNU | ||
| 005 | 20251118040148.0 | ||
| 008 | 251108s2020 bg |||g |||| 000 1|ben|d | ||
| 020 | _a9789848125007 | ||
| 040 |
_aBD-DhJNU _bben _cBD-DhJNU _dBD-DhJNU |
||
| 041 | _aben | ||
| 082 |
_a686.209 ALL _223 |
||
| 100 | _aঅ্যালেন, অ্যাগনেস | ||
| 245 | 1 | 0 |
_aলিপি, পাণ্ডুলিপি, বই ও মুদ্রণশিল্পের ইতিকথা / _cঅ্যাগনেস অ্যালেন এবং নাজনীন সুলতানা নীতি (অনুবাদক) |
| 246 | _alipi, pandulipi, boi o mudronsilper itikotha | ||
| 250 | _a1st ed. | ||
| 260 |
_aঢাকা : _bপাঠক সমাবেশ, _c2020. |
||
| 300 |
_a২২৪ পৃ. : _bচিত্র ; _c২২ সেমি.। |
||
| 504 | _aগ্রন্থপঞ্জিগত নির্দেশিকা ও নিঘন্ট অন্তভূক্ত | ||
| 650 | _aHistory of printing-মুদ্রণশিল্পের ইতিহাস | ||
| 650 | _aManuscript studies-পাণ্ডুলিপি গবেষণা | ||
| 700 | a |
_aনীতি, নাজনীন সুলতানা _e(অনুবাদক) |
|
| 942 | _cBK | ||
| 999 |
_c2378 _d2378 |
||